[Event "FIDE WRBTC Blitz-Pool 2024"]
[Site "Astana"]
[Date "2024.08.05"]
[Round "3.13"]
[White "Tologon tegin, Semetei"]
[Black "Niemann, Hans Moke"]
[Result "0-1"]
[WhiteElo "2337"]
[BlackElo "2711"]
[Annotator "ChessBase"]
[PlyCount "96"]
[EventDate "2024.08.01"]
[EventType "team-tourn"]
[EventCountry "KAZ"]
[SourceTitle "playchess.com"]
[Source "ChessBase"]
[SourceQuality "1"]

1. g3 d5 2. Bg2 e5 3. d3 Nf6 4. Nf3 Bd6 5. c4 c6 6. cxd5 cxd5 7. Bg5 Nbd7 8. O-O O-O 9. Nc3 h6 10. Bxf6 Nxf6 11. Qb3 d4 12. Nd5 Nxd5 13. Qxd5 Qe7 14. Rfc1 Be6 15. Qb5 a6 16. Qb6 Rab8 17. a3 Qd8 18. Qxd8 Rfxd8 19. Nd2 Kf8 20. Nc4 Bc7 21. b4 Ke7 22. Kf1 Rdc8 23. Ke1 f6 24. Kd2 b5 25. Na5 Bxa5 26. bxa5 Kd6 27. Rxc8 Bxc8 28. Rc1 Bd7 29. Rb1 f5 30. e3 dxe3+ 31. fxe3 g5 32. d4 e4 33. Bf1 Rc8 34. Rc1 Rxc1 35. Kxc1 f4 36. gxf4 gxf4 37. exf4 Kd5 38. a4 bxa4 39. Bxa6 e3 40. Be2 Kxd4 41. a6 Kc3 42. a7 Bc6 43. f5 Be4 44. f6 a3 45. a8=Q Bxa8 46. Kb1 Bd5 47. Bh5 Kd2 48. f7 Bxf7 0-1

[Event "FIDE WRBTC Blitz-Pool 2024"]
[Site "Astana"]
[Date "2024.08.05"]
[Round "3.13"]
[White "Yermekov, Kairat"]
[Black "Sadek, Sameh"]
[Result "0-1"]
[WhiteElo "2076"]
[BlackElo "2286"]
[Annotator "ChessBase"]
[PlyCount "74"]
[EventDate "2024.08.01"]
[EventType "team-tourn"]
[EventCountry "KAZ"]
[SourceTitle "playchess.com"]
[Source "ChessBase"]
[SourceQuality "1"]

1. d4 d5 2. c4 c6 3. Nf3 Nf6 4. Nc3 e6 5. Bg5 Nbd7 6. e3 Qa5 7. Nd2 Bb4 8. Qc2 O-O 9. a3 Bxc3 10. Qxc3 Qxc3 11. bxc3 b6 12. Be2 Bb7 13. O-O Rfc8 14. Rfc1 c5 15. cxd5 exd5 16. Bd3 c4 17. Bf5 Re8 18. Re1 h6 19. Bh4 g6 20. Bh3 g5 21. Bxd7 Nxd7 22. Bg3 b5 23. Rab1 Bc6 24. f3 f5 25. Kf2 Nb6 26. h4 Na4 27. Rbc1 Kf7 28. Rh1 g4 29. h5 Nb2 30. Rc2 Nd3+ 31. Ke2 f4 32. Bxf4 Nxf4+ 33. Kf2 Nd3+ 34. Ke2 gxf3+ 35. gxf3 Rg8 36. Rh2 Rg1 37. Nf1 Rag8 0-1

[Event "FIDE WRBTC Blitz-Pool 2024"]
[Site "Astana"]
[Date "2024.08.05"]
[Round "3.14"]
[White "Jacobson, Brandon"]
[Black "Markov, Mikhail"]
[Result "1-0"]
[WhiteElo "2575"]
[BlackElo "2255"]
[Annotator "ChessBase"]
[PlyCount "59"]
[EventDate "2024.08.01"]
[EventType "team-tourn"]
[EventCountry "KAZ"]
[SourceTitle "playchess.com"]
[Source "ChessBase"]
[SourceQuality "1"]

1. Nf3 d5 2. e3 e6 3. c4 Nf6 4. Nc3 Be7 5. b3 O-O 6. Bb2 c5 7. cxd5 exd5 8. d4 Nbd7 9. Bd3 b6 10. O-O Bb7 11. Qe2 Re8 12. Rfd1 a6 13. Rac1 Bd6 14. Bf5 cxd4 15. Nxd4 Nc5 16. Bb1 g6 17. b4 Ncd7 18. b5 Ne5 19. a4 a5 20. Ba2 Rc8 21. h3 Qe7 22. Rc2 Nc4 23. Nxd5 Bxd5 24. Bxc4 Bb7 25. Nc6 Bxc6 26. bxc6 Rxc6 27. Bxf7+ Qxf7 28. Rxc6 Be7 29. Qf3 Rf8 30. Rxb6 1-0

[Event "FIDE WRBTC Blitz-Pool 2024"]
[Site "Astana"]
[Date "2024.08.05"]
[Round "3.14"]
[White "Zhakshylykov, Erzhan"]
[Black "Aitbayev, Aslan"]
[Result "0-1"]
[WhiteElo "2327"]
[BlackElo "2380"]
[Annotator "ChessBase"]
[PlyCount "68"]
[EventDate "2024.08.01"]
[EventType "team-tourn"]
[EventCountry "KAZ"]
[SourceTitle "playchess.com"]
[Source "ChessBase"]
[SourceQuality "1"]

1. d4 d6 2. Nf3 g6 3. e4 Nf6 4. Nc3 a6 5. a4 Bg7 6. h3 O-O 7. Be3 e6 8. Bd3 b6 9. O-O Bb7 10. Re1 Nc6 11. Bf1 Ne7 12. Bg5 h6 13. Bh4 g5 14. Bg3 Ng6 15. Nh2 Nd7 16. a5 b5 17. d5 Nde5 18. Ng4 Qe7 19. Rb1 Rae8 20. Ne3 Kh8 21. Bh2 Nd7 22. Na2 Nc5 23. Nb4 Nxe4 24. f3 Nc5 25. Nf5 Qf6 26. Nxg7 Kxg7 27. Bg3 Nf4 28. dxe6 fxe6 29. Bf2 Nd7 30. c4 bxc4 31. Bxc4 Nxg2 32. Bd4 e5 33. Bd5 Nxe1 34. Bxb7 exd4 0-1

[Event "FIDE WRBTC Blitz-Pool 2024"]
[Site "Astana"]
[Date "2024.08.05"]
[Round "3.14"]
[White "Hassan, Sayed Barakat"]
[Black "Sadybekov, Adilzhan"]
[Result "1/2-1/2"]
[WhiteElo "2279"]
[BlackElo "1674"]
[Annotator "ChessBase"]
[PlyCount "175"]
[EventDate "2024.08.01"]
[EventType "team-tourn"]
[EventCountry "KAZ"]
[SourceTitle "playchess.com"]
[Source "ChessBase"]
[SourceQuality "1"]

1. e4 e6 2. Nf3 d5 3. e5 c5 4. b4 b6 5. c3 Qd7 6. b5 a6 7. a4 c4 8. Na3 Ne7 9. d3 cxd3 10. Bxd3 Ng6 11. O-O Be7 12. h4 Qc7 13. Re1 Nd7 14. bxa6 Bxa6 15. Nb5 Bxb5 16. Bxb5 O-O 17. Bxd7 Qxd7 18. h5 Nh4 19. Nxh4 Bxh4 20. Qg4 Bd8 21. Ba3 Rxa4 22. Qg3 Re8 23. h6 g6 24. Bb4 b5 25. Rad1 Ra2 26. Qf3 Bb6 27. Re2 Rxe2 28. Qxe2 Ra8 29. Qf3 Qd8 30. Bd6 Ra2 31. Rf1 Qh4 32. g3 Qxh6 33. Qf6 Ra8 34. Qe7 Qg7 35. Qb7 Bxf2+ 36. Rxf2 Ra1+ 37. Kg2 h5 38. Qb8+ Kh7 39. Be7 g5 40. Bf6 Qg8 41. Qxg8+ Kxg8 42. Rb2 Ra5 43. Bxg5 Kg7 44. Kf3 Kg6 45. Bf6 Kf5 46. Ke3 Ra3 47. Kd3 Ra5 48. Rh2 Kg6 49. Rf2 Ra1 50. Rb2 Ra5 51. Kd4 Ra4+ 52. Kd3 Ra5 53. Rb3 Kf5 54. Kd4 Ra4+ 55. Kc5 Rg4 56. Kxb5 Rxg3 57. Kc6 d4 58. Kd7 dxc3 59. Rb4 Rg4 60. Rb6 Rc4 61. Rb1 c2 62. Rc1 Ke4 63. Ke8 Rc7 64. Kf8 Kd3 65. Kg7 Kd2 66. Bg5+ Kd3 67. Kh6 h4 68. Bxh4 Rc5 69. Kg7 Rxe5 70. Kf6 Re2 71. Bg5 Rf2+ 72. Ke7 e5 73. Ra1 e4 74. Ra3+ Kc4 75. Ra4+ Kd3 76. Ra3+ Ke2 77. Re3+ Kd1 78. Rxe4 c1=Q 79. Bxc1 Kxc1 80. Rh4 f5 81. Ke6 Kd2 82. Ke5 Ke3 83. Rh3+ Ke2 84. Ra3 Kf1 85. Ra4 Kg2 86. Rf4 Rxf4 87. Kxf4 Kf2 88. Kxf5 1/2-1/2

[Event "FIDE WRBTC Blitz-Pool 2024"]
[Site "Astana"]
[Date "2024.08.05"]
[Round "3.15"]
[White "Akhmetov, Ayan"]
[Black "Sharshenbekov, Emir"]
[Result "1-0"]
[WhiteElo "2380"]
[BlackElo "2078"]
[Annotator "ChessBase"]
[PlyCount "95"]
[EventDate "2024.08.01"]
[EventType "team-tourn"]
[EventCountry "KAZ"]
[SourceTitle "playchess.com"]
[Source "ChessBase"]
[SourceQuality "1"]

1. d4 Nf6 2. Bf4 c5 3. e3 d6 4. Nf3 g6 5. Nbd2 Nbd7 6. c3 Bg7 7. Be2 O-O 8. h3 b6 9. O-O Bb7 10. a4 cxd4 11. exd4 Nd5 12. Bg3 e5 13. dxe5 dxe5 14. Nc4 Qe7 15. a5 b5 16. a6 Bc6 17. Na5 Qc5 18. Qb3 Nc7 19. Nxc6 Qxc6 20. Rfd1 Nc5 21. Qc2 Rfe8 22. Ng5 h6 23. Bf3 e4 24. Nxe4 Nxe4 25. Bxc7 Rac8 26. Bf4 b4 27. Be3 bxc3 28. bxc3 Rc7 29. Rdc1 f5 30. Ra4 Qe6 31. Bxe4 fxe4 32. c4 Qd7 33. c5 Re6 34. Rxe4 Kh7 35. Rxe6 Qxe6 36. c6 Be5 37. Qc4 Qf6 38. Qd5 Bf4 39. Bxf4 Qxf4 40. Rb1 h5 41. g3 Qa4 42. Rb7 Qa1+ 43. Kg2 Rg7 44. Rxg7+ Kxg7 45. c7 Qc1 46. Qd7+ Kh6 47. c8=Q Qb2 48. Qf8+ 1-0

[Event "FIDE WRBTC Blitz-Pool 2024"]
[Site "Astana"]
[Date "2024.08.05"]
[Round "3.15"]
[White "Erzhanov, Arman"]
[Black "Hong, Andrew"]
[Result "0-1"]
[WhiteElo "2114"]
[BlackElo "2572"]
[Annotator "ChessBase"]
[PlyCount "92"]
[EventDate "2024.08.01"]
[EventType "team-tourn"]
[EventCountry "KAZ"]
[SourceTitle "playchess.com"]
[Source "ChessBase"]
[SourceQuality "1"]

1. e4 c5 2. Nf3 d6 3. d4 cxd4 4. Qxd4 Nc6 5. Qe3 g6 6. h3 Bg7 7. Be2 Nf6 8. O-O O-O 9. Rd1 Nd7 10. c4 a5 11. Nc3 a4 12. Rb1 Qa5 13. Bd2 Qc5 14. Qxc5 Nxc5 15. Bf1 Bxc3 16. Bxc3 Nxe4 17. Be1 Bf5 18. Nh4 Be6 19. Rbc1 Rfc8 20. Nf3 f5 21. Nd4 Nxd4 22. Rxd4 b5 23. b3 axb3 24. axb3 Ra3 25. Rb1 bxc4 26. bxc4 Ra4 27. Rb7 Kf7 28. f3 Nc5 29. Rb1 Nd7 30. Rc1 Nb6 31. Bh4 Bxc4 32. Bxc4+ Raxc4 33. Rdxc4 Rxc4 34. Rxc4 Nxc4 35. Bf2 e5 36. Kf1 d5 37. Ke2 Ke6 38. Bc5 d4 39. Kd3 Kd5 40. Bf8 e4+ 41. fxe4+ fxe4+ 42. Ke2 d3+ 43. Ke1 e3 44. Bh6 d2+ 45. Ke2 Nb2 46. Kxe3 d1=Q 0-1

[Event "FIDE WRBTC Blitz-Pool 2024"]
[Site "Astana"]
[Date "2024.08.05"]
[Round "3.15"]
[White "Shevchenko, Alexandr"]
[Black "Wafa, Hamed"]
[Result "0-1"]
[WhiteElo "1814"]
[BlackElo "2345"]
[Annotator "ChessBase"]
[PlyCount "79"]
[EventDate "2024.08.01"]
[EventType "team-tourn"]
[EventCountry "KAZ"]
[SourceTitle "playchess.com"]
[Source "ChessBase"]
[SourceQuality "1"]

1. e4 c5 2. Nf3 d6 3. d4 cxd4 4. Nxd4 Nf6 5. Nc3 Nc6 6. Be3 Ng4 7. Bg5 h6 8. Bh4 g5 9. Bg3 Bg7 10. Bb5 Bd7 11. Nxc6 bxc6 12. Bxc6 Bxc6 13. Qxg4 Qb6 14. O-O Qxb2 15. Nd5 Bxd5 16. exd5 Qd4 17. Qxd4 Bxd4 18. Rab1 Bb6 19. Rfe1 Kd7 20. Kf1 Rac8 21. Re2 Rc5 22. Rd2 Rhc8 23. Rc1 Ba5 24. Re2 Rxd5 25. f3 Rd2 26. Rce1 Rxe2 27. Rxe2 e6 28. Bf2 Bb6 29. Bxb6 axb6 30. Kf2 Rc3 31. Ke1 d5 32. Kd1 Ra3 33. c4 dxc4 34. Rd2+ Rd3 35. Rxd3+ cxd3 36. Kd2 Kd6 37. Kxd3 Kd5 38. a4 f5 39. g3 e5 40. Kc3 0-1

[Event "FIDE WRBTC Blitz-Pool 2024"]
[Site "Astana"]
[Date "2024.08.05"]
[Round "3.16"]
[White "Dardha, Daniel"]
[Black "Zlotnik, Andrey"]
[Result "1-0"]
[WhiteElo "2608"]
[BlackElo "2096"]
[Annotator "ChessBase"]
[PlyCount "53"]
[EventDate "2024.08.01"]
[EventType "team-tourn"]
[EventCountry "KAZ"]
[SourceTitle "playchess.com"]
[Source "ChessBase"]
[SourceQuality "1"]

1. d4 d5 2. c4 c6 3. Nf3 Nf6 4. e3 a6 5. Nbd2 Bf5 6. Nh4 Bd7 7. b3 g5 8. Nhf3 g4 9. Ne5 Bf5 10. Bd3 Qc8 11. O-O Bg7 12. Ba3 Qe6 13. Qc2 Bxd3 14. Nxd3 O-O 15. Rae1 Re8 16. e4 dxe4 17. Nc5 Qc8 18. Ndxe4 Nbd7 19. Nd3 Nf8 20. Ne5 Ng6 21. Ng5 Nxe5 22. dxe5 Nh5 23. Qxh7+ Kf8 24. Qxh5 Kg8 25. Qxf7+ Kh8 26. Qg6 Kg8 27. Ne6 1-0

[Event "FIDE WRBTC Blitz-Pool 2024"]
[Site "Astana"]
[Date "2024.08.05"]
[Round "3.16"]
[White "Wageih, Kareim"]
[Black "Tulekenova, Aiza"]
[Result "1-0"]
[WhiteElo "2402"]
[BlackElo "1581"]
[Annotator "ChessBase"]
[PlyCount "77"]
[EventDate "2024.08.01"]
[EventType "team-tourn"]
[EventCountry "KAZ"]
[SourceTitle "playchess.com"]
[Source "ChessBase"]
[SourceQuality "1"]

1. d4 Nf6 2. Nf3 e6 3. e3 d5 4. Bd3 Bd6 5. O-O c6 6. Nbd2 Nbd7 7. Re1 Qc7 8. e4 dxe4 9. Nxe4 Nxe4 10. Rxe4 Nf6 11. Re1 O-O 12. Bg5 Nd5 13. c4 Nf4 14. Bf1 h6 15. Bh4 Ng6 16. Bg3 Bxg3 17. hxg3 Rd8 18. Bd3 Ne7 19. Qe2 b6 20. Qe4 Nf5 21. g4 Ne7 22. Qh7+ Kf8 23. g5 hxg5 24. Qh8+ Ng8 25. Nxg5 Ke7 26. Qxg7 Qf4 27. Nf3 Bb7 28. Ne5 Qf6 29. Qg4 Nh6 30. Qe4 Rg8 31. g3 Nf5 32. Bf1 Rg7 33. d5 cxd5 34. cxd5 Bxd5 35. Qb4+ Ke8 36. Qa4+ Ke7 37. Rac1 Nxg3 38. Rc7+ Kd6 39. Qd7# 1-0

[Event "FIDE WRBTC Blitz-Pool 2024"]
[Site "Astana"]
[Date "2024.08.05"]
[Round "3.16"]
[White "Iunusov, Nuriddin"]
[Black "Mazhkenov, Alisher"]
[Result "1-0"]
[WhiteElo "1925"]
[BlackElo "2118"]
[Annotator "ChessBase"]
[PlyCount "83"]
[EventDate "2024.08.01"]
[EventType "team-tourn"]
[EventCountry "KAZ"]
[SourceTitle "playchess.com"]
[Source "ChessBase"]
[SourceQuality "1"]

1. e4 e6 2. d4 d5 3. Nc3 Nf6 4. Bg5 dxe4 5. Nxe4 Be7 6. Bxf6 gxf6 7. Nf3 f5 8. Nc3 a6 9. g3 b5 10. Bg2 Bb7 11. Qd2 O-O 12. h4 c5 13. O-O-O cxd4 14. Qxd4 Qxd4 15. Rxd4 Bf6 16. Rd3 b4 17. Na4 Be4 18. Rd2 Nc6 19. Nb6 Ne5 20. Nxe5 Bxg2 21. Rg1 Be4 22. Ned7 Bg7 23. Nxa8 Rxa8 24. Nc5 Bd5 25. b3 Bh6 26. f4 Rc8 27. Nd7 Bg7 28. Ne5 Rc5 29. Rgd1 Ra5 30. Kb1 h5 31. Rd4 Rb5 32. R4d2 a5 33. Nd3 Bc3 34. Re2 Bf3 35. Ree1 Bxe1 36. Rxe1 Be4 37. Nf2 Bd5 38. Rd1 a4 39. Rd4 axb3 40. axb3 Rc5 41. Nd3 Be4 42. Nxc5 1-0

[Event "FIDE WRBTC Blitz-Pool 2024"]
[Site "Astana"]
[Date "2024.08.05"]
[Round "3.17"]
[White "Samaganova, Aleksandra"]
[Black "Salimova, Nurgyul"]
[Result "1/2-1/2"]
[WhiteElo "1948"]
[BlackElo "2412"]
[Annotator "ChessBase"]
[PlyCount "168"]
[EventDate "2024.08.01"]
[EventType "team-tourn"]
[EventCountry "KAZ"]
[SourceTitle "playchess.com"]
[Source "ChessBase"]
[SourceQuality "1"]

1. c4 e6 2. Nc3 d5 3. e3 Nf6 4. Nf3 Be7 5. b3 O-O 6. Bb2 c5 7. d4 cxd4 8. exd4 b6 9. Be2 Bb7 10. O-O dxc4 11. Bxc4 Na6 12. Ne5 Nb4 13. Qd2 a6 14. a3 Nbd5 15. b4 Nxc3 16. Bxc3 Ne4 17. Qb2 Rc8 18. Be1 Bf6 19. Bb3 Bd5 20. Rd1 Qd6 21. Nf3 Rfd8 22. Bxd5 Qxd5 23. Bd2 Nd6 24. Be3 Nc4 25. Qa1 b5 26. Rfe1 h6 27. Bf4 Qf5 28. Be3 Rd5 29. h3 Rcd8 30. Qa2 g5 31. Qb3 Qg6 32. Qa2 h5 33. Kh1 g4 34. Nh2 Rf5 35. Qe2 g3 36. Nf3 gxf2 37. Bxf2 Rfd5 38. Bg1 Nd6 39. Bh2 Nf5 40. Qf2 Nxd4 41. Nxd4 Bxd4 42. Qf3 Bf6 43. Rxd5 Rxd5 44. Rf1 Rf5 45. Qa8+ Kg7 46. Rd1 Be5 47. Bxe5+ Rxe5 48. Qb8 Re2 49. Qb7 Qe4 50. Qxe4 Rxe4 51. Rd6 a5 52. bxa5 Ra4 53. Rb6 Rxa5 54. Kh2 h4 55. Kg1 Kf6 56. Kf2 Ke5 57. Rb7 f5 58. Ke2 Ke4 59. Rh7 Rxa3 60. Rxh4+ f4 61. Rh8 Ra2+ 62. Kf1 Ke3 63. Kg1 e5 64. Rb8 Rb2 65. h4 e4 66. h5 f3 67. gxf3 exf3 68. Re8+ Kf4 69. h6 Rg2+ 70. Kh1 Rg5 71. Rf8+ Kg3 72. Kg1 Rh5 73. Rg8+ Kf4 74. Rg6 b4 75. Kf2 Rh2+ 76. Kg1 Rh5 77. Kf2 b3 78. Rf6+ Ke4 79. Rxf3 b2 80. Rb3 Rxh6 81. Kg3 Rg6+ 82. Kh3 Rh6+ 83. Kg3 Rg6+ 84. Kh3 Rh6+ 1/2-1/2

[Event "FIDE WRBTC Blitz-Pool 2024"]
[Site "Astana"]
[Date "2024.08.05"]
[Round "3.17"]
[White "Tokbayev, Anuar"]
[Black "Lesbekova, Assel"]
[Result "1-0"]
[WhiteElo "1880"]
[BlackElo "1903"]
[Annotator "ChessBase"]
[PlyCount "151"]
[EventDate "2024.08.01"]
[EventType "team-tourn"]
[EventCountry "KAZ"]
[SourceTitle "playchess.com"]
[Source "ChessBase"]
[SourceQuality "1"]

1. d4 d5 2. c4 e6 3. Nf3 a6 4. g3 dxc4 5. Bg2 b5 6. O-O Bb7 7. a4 Nf6 8. b3 cxb3 9. Qxb3 Qd5 10. Qc2 Qc6 11. Qb2 b4 12. a5 Be7 13. Bf4 Nd5 14. Rc1 Qd7 15. Bd2 Nc6 16. Be1 O-O 17. Nbd2 Nc3 18. Nb3 Nd5 19. e4 Nf6 20. Qe2 Rfd8 21. Rc2 Nb8 22. Ne5 Qc8 23. Rac1 c6 24. Qc4 Bd6 25. Nd3 Ne8 26. Bxb4 Bxb4 27. Qxb4 Nd7 28. Nbc5 Rb8 29. Qc3 Nd6 30. Nxb7 Rxb7 31. Qxc6 Qxc6 32. Rxc6 Nb5 33. d5 Kf8 34. dxe6 fxe6 35. Rxa6 Ke7 36. Nf4 Nf8 37. Rac6 Nd4 38. Rc7+ Rxc7 39. Rxc7+ Kf6 40. a6 Nd7 41. a7 Nb6 42. Rb7 Na8 43. Rb8 Nc6 44. Rxd8 Nxd8 45. Nd3 e5 46. f4 Nc6 47. fxe5+ Ke7 48. Kf2 Nxa7 49. Ke3 Nc6 50. Kf4 Nc7 51. Nc5 Nd4 52. Bf1 Nce6+ 53. Nxe6 Nxe6+ 54. Ke3 Nc5 55. Bc4 Nd7 56. Kd4 Nf8 57. Bb3 Nd7 58. Bc4 Nb6 59. Bb3 Nd7 60. h4 Nb8 61. Kd5 Na6 62. e6 Nb4+ 63. Ke5 Nd3+ 64. Kd4 Nf2 65. Ke3 Ng4+ 66. Kf4 Nf6 67. g4 Ne8 68. g5 Nc7 69. Ke5 Na6 70. h5 Nb4 71. Bc4 Nc6+ 72. Kf5 Nd4+ 73. Kf4 Nc6 74. e5 Na5 75. Bd5 Ke8 76. Ke4 1-0

[Event "FIDE WRBTC Blitz-Pool 2024"]
[Site "Astana"]
[Date "2024.08.05"]
[Round "3.17"]
[White "Niyazbek, Nurtileu"]
[Black "Wafa, Shrook"]
[Result "0-1"]
[WhiteElo "1578"]
[BlackElo "2137"]
[Annotator "ChessBase"]
[PlyCount "69"]
[EventDate "2024.08.01"]
[EventType "team-tourn"]
[EventCountry "KAZ"]
[SourceTitle "playchess.com"]
[Source "ChessBase"]
[SourceQuality "1"]

1. e4 c5 2. Nf3 Nc6 3. Bb5 g6 4. Bxc6 dxc6 5. O-O Bg7 6. d3 b6 7. Nc3 Nf6 8. Bf4 O-O 9. Qd2 Bg4 10. Ne5 Be6 11. Nxc6 Qe8 12. Ne5 Nh5 13. Nf3 Nxf4 14. Qxf4 Qd7 15. Ne5 Qd6 16. Nxg6 hxg6 17. Qxd6 exd6 18. Nb5 Rfd8 19. Nc7 Rac8 20. Nxe6 fxe6 21. c3 d5 22. exd5 Rxd5 23. Rfe1 Kf7 24. Rad1 Rcd8 25. Re3 e5 26. Rf3+ Bf6 27. g4 g5 28. h4 Kg6 29. h5+ Kg7 30. Re3 c4 31. d4 exd4 32. Rf3 dxc3 33. Rxd5 Rxd5 34. bxc3 Rd3 35. Kg2 0-1

[Event "FIDE WRBTC Blitz-Pool 2024"]
[Site "Astana"]
[Date "2024.08.05"]
[Round "3.18"]
[White "Allam, Yara"]
[Black "Serikov, Merey"]
[Result "1-0"]
[WhiteElo "1920"]
[BlackElo "1616"]
[Annotator "ChessBase"]
[PlyCount "123"]
[EventDate "2024.08.01"]
[EventType "team-tourn"]
[EventCountry "KAZ"]
[SourceTitle "playchess.com"]
[Source "ChessBase"]
[SourceQuality "1"]

1. e4 c5 2. Nf3 d6 3. d4 cxd4 4. Nxd4 Nf6 5. Nc3 a6 6. Be3 e5 7. Nb3 Be6 8. f3 Be7 9. Qd2 Qc7 10. g4 b5 11. h4 Nbd7 12. O-O-O O-O 13. Be2 Rfc8 14. Kb1 Nb6 15. g5 Nh5 16. Rhg1 Nc4 17. Bxc4 Qxc4 18. Rg2 a5 19. Nd5 Bxd5 20. Qxd5 a4 21. Nc1 b4 22. Qxc4 Rxc4 23. Nd3 b3 24. cxb3 axb3 25. axb3 Rc6 26. Nb4 Rcc8 27. Nd5 Bd8 28. Bb6 Kf8 29. Bxd8 Rxd8 30. b4 g6 31. Rc2 Ng7 32. Nf6 Ne6 33. Nxh7+ Kg7 34. Nf6 Nd4 35. Rc3 Rdb8 36. Nd5 Rc8 37. Rdc1 Rxc3 38. Rxc3 Rb8 39. Ka2 Rh8 40. Nb6 Rxh4 41. Nc4 Nb5 42. Rd3 Rh3 43. Nxd6 Nxd6 44. Rxd6 Rxf3 45. b5 Re3 46. b6 Rxe4 47. Ka3 Re3+ 48. b3 Re1 49. b7 Ra1+ 50. Kb4 Rf1 51. b8=Q e4 52. Rf6 Rxf6 53. gxf6+ Kxf6 54. Qf4+ Ke6 55. Qxe4+ Kf6 56. Kc5 g5 57. Kd6 Kg7 58. Qf5 Kh6 59. Qf6+ Kh5 60. Ke5 g4 61. Kf4 g3 62. Qg5# 1-0

[Event "FIDE WRBTC Blitz-Pool 2024"]
[Site "Astana"]
[Date "2024.08.05"]
[Round "3.18"]
[White "Tazhimyrzaev, Elzar"]
[Black "Altynbek, Aiaru"]
[Result "1-0"]
[WhiteElo "1885"]
[BlackElo "1990"]
[Annotator "ChessBase"]
[PlyCount "67"]
[EventDate "2024.08.01"]
[EventType "team-tourn"]
[EventCountry "KAZ"]
[SourceTitle "playchess.com"]
[Source "ChessBase"]
[SourceQuality "1"]

1. e4 c6 2. d4 d5 3. Nc3 dxe4 4. f3 e5 5. dxe5 Qc7 6. f4 Bb4 7. Qd4 Bxc3+ 8. Qxc3 Ne7 9. Bc4 O-O 10. Ne2 Nd7 11. O-O b5 12. Bb3 c5 13. e6 Nf6 14. exf7+ Kh8 15. Qe5 Qb7 16. Be6 Ng6 17. Qd6 Bxe6 18. Qxe6 Rxf7 19. Be3 Re7 20. Qh3 Qc6 21. Rad1 Nd5 22. f5 Nf8 23. Bg5 Rf7 24. Ng3 e3 25. Qh5 Rd7 26. Rde1 Nf6 27. Qh4 Nd5 28. Ne4 c4 29. f6 Ng6 30. fxg7+ Rxg7 31. Qh6 e2 32. Rxe2 Qb6+ 33. Kh1 Nf8 34. Qxb6 1-0

[Event "FIDE WRBTC Blitz-Pool 2024"]
[Site "Astana"]
[Date "2024.08.05"]
[Round "3.18"]
[White "Mero, Aghiad."]
[Black "Tynybekov, Bakyt"]
[Result "0-1"]
[WhiteElo "1817"]
[BlackElo "1795"]
[Annotator "NA"]
[PlyCount "128"]
[EventDate "2024.08.01"]
[EventType "team-tourn"]
[EventCountry "KAZ"]
[SourceTitle "playchess.com"]
[Source "ChessBase"]
[SourceQuality "1"]

1. b3 e6 2. Bb2 d5 3. e3 Nf6 4. f4 Bd6 5. Nf3 O-O 6. Bd3 Nbd7 7. O-O Re8 8. Ne5 c5 9. Rf3 Ne4 10. Rh3 Bxe5 11. fxe5 Qg5 12. Bxe4 dxe4 13. Rh5 Qg6 14. Nc3 b6 15. Nb5 Rd8 16. Nd6 f6 17. exf6 Nxf6 18. Bxf6 gxf6 19. Rh4 f5 20. Rh3 Kf8 21. Rg3 Qf6 22. Nxc8 Raxc8 23. c3 Rd7 24. Qh5 Rcd8 25. Rf1 Rg7 26. Rxg7 Qxg7 27. Rf2 Ke7 28. Qh4+ Kd7 29. Qf4 Kc6 30. h3 h5 31. Kh2 Rg8 32. Qh4 Qg5 33. Qf4 h4 34. Qxg5 Rxg5 35. Rf4 Rh5 36. Kg1 e5 37. Rf1 Rg5 38. Rf2 Kd5 39. Kf1 b5 40. Ke2 Ke6 41. Kd1 Rg7 42. Kc2 Rd7 43. Re2 c4 44. Re1 Rg7 45. Re2 Kd5 46. Rf2 Ke6 47. Kb2 a5 48. Ka3 Rb7 49. Kb2 Rd7 50. Kc2 Rg7 51. Kd1 a4 52. bxc4 bxc4 53. Kc2 Rb7 54. Rf1 a3 55. Rb1 Rxb1 56. Kxb1 f4 57. Kc2 f3 58. gxf3 exf3 59. Kd1 Kf5 60. Ke1 Ke4 61. Kf2 Kd3 62. Kxf3 Kxd2 63. Ke4 Kxc3 64. Kxe5 Kb2 0-1

[Event "FIDE WRBTC Blitz-Pool 2024"]
[Site "Astana"]
[Date "2024.08.05"]
[Round "3.19"]
[White "Kazakov, Konstantin"]
[Black "Gurel, Ediz"]
[Result "0-1"]
[WhiteElo "2333"]
[BlackElo "2602"]
[Annotator "ChessBase"]
[PlyCount "52"]
[EventDate "2024.08.01"]
[EventType "team-tourn"]
[EventCountry "KAZ"]
[SourceTitle "playchess.com"]
[Source "ChessBase"]
[SourceQuality "1"]

1. e4 c5 2. Nc3 e6 3. Nge2 Nc6 4. g3 Nf6 5. Bg2 d5 6. exd5 exd5 7. d4 cxd4 8. Nxd4 Bg4 9. Nce2 Bc5 10. h3 Bxd4 11. hxg4 Bxf2+ 12. Kxf2 Nxg4+ 13. Kf1 Qb6 14. Qe1 O-O 15. Rh4 Nce5 16. Nc3 Rfe8 17. Qd2 Nc4 18. Rxg4 Nxd2+ 19. Bxd2 Qxb2 20. Rc1 Rac8 21. Nxd5 Rxc2 22. Rxc2 Qxc2 23. Nf6+ Kh8 24. Nxe8 Qd1+ 25. Kf2 Qxd2+ 26. Kg1 Qd1+ 0-1

[Event "FIDE WRBTC Blitz-Pool 2024"]
[Site "Astana"]
[Date "2024.08.05"]
[Round "3.19"]
[White "Balguzhinov, Bakhyt"]
[Black "Bolat, Inayat"]
[Result "0-1"]
[WhiteElo "2155"]
[BlackElo "2264"]
[Annotator "ChessBase"]
[PlyCount "116"]
[EventDate "2024.08.01"]
[EventType "team-tourn"]
[EventCountry "KAZ"]
[SourceTitle "playchess.com"]
[Source "ChessBase"]
[SourceQuality "1"]

1. d4 Nf6 2. Nf3 g6 3. Nbd2 Bg7 4. e4 d6 5. Bd3 O-O 6. b4 c5 7. c3 cxb4 8. cxb4 Nh5 9. O-O Nc6 10. Bb2 Nxb4 11. Bb1 Nc6 12. Re1 Bg4 13. Qb3 Qb6 14. Qxb6 axb6 15. h3 Bxf3 16. Nxf3 Rfc8 17. a4 Nf4 18. Rd1 Na5 19. g3 Nc4 20. Bc1 Ne2+ 21. Kh2 Nc3 22. Re1 b5 23. a5 b4 24. Bd3 Rxa5 25. Rxa5 Nxa5 26. e5 dxe5 27. dxe5 b3 28. Bb2 Na4 29. Bd4 Nc6 30. Be3 b2 31. e6 f5 32. Bc2 Nc3 33. Bd2 Nb4 34. Bb3 b1=Q 35. Rxb1 Nxb1 36. Bxb4 Bf6 37. h4 Nc3 38. Ng5 Ne4 39. Nxe4 fxe4 40. Bd5 Rc2 41. Kg1 Re2 42. Bc5 b5 43. Kf1 Rc2 44. Bb4 Rb2 45. Bc5 Rc2 46. Bb4 Kf8 47. Ba5 Bd4 48. Bxe4 Rxf2+ 49. Ke1 Ra2 50. Bb4 Ra4 51. Bd2 Bc3 52. Bxc3 Rxe4+ 53. Kf2 b4 54. Bd2 b3 55. Bc3 Rxe6 56. g4 Rc6 57. Bd4 b2 58. Bxb2 Rc2+ 0-1